आत्मोद्वार यात्रा विचार/ (Record no. 203511)

MARC details
000 -LEADER
fixed length control field 00852nam a22002057a 4500
005 - DATE AND TIME OF LATEST TRANSACTION
control field 20240604144143.0
010 ## - LCCN (DPL NO)
LC control number HIN-127800
020 ## - INTERNATIONAL STANDARD BOOK NUMBER
Terms of availability 1000.00
International Standard Book Number 9789394928305
035 ## - SYSTEM CONTROL NUMBER
System control number HN-100146
037 ## - SOURCE OF ACQUISITION
Source of stock number/acquisition DBAD
082 ## - DEWEY DECIMAL CLASSIFICATION NUMBER
Classification number 170.3
Edition number 1
100 ## - MAIN ENTRY--PERSONAL NAME
Personal name श्रीचंदानी, सुरेश कुमार
245 ## - TITLE STATEMENT
Title आत्मोद्वार यात्रा विचार/
Statement of responsibility, etc सुरेश कुमार श्रीचंदानी
250 ## - EDITION STATEMENT
Edition statement प्रथम
260 ## - PUBLICATION, DISTRIBUTION, ETC. (IMPRINT)
Place of publication, distribution, etc अजमेर
Name of publisher, distributor, etc पद्म्कान्ता प्रकाशन
Date of publication, distribution, etc 2021
270 ## - ADDRESS
Address 403/16, ठठेरा चौक
City अजमेर
Postal code 305001
300 ## - PHYSICAL DESCRIPTION
Extent 105पृ.
Dimensions 21 सेमी.(अजिल्द)
650 ## - SUBJECT ADDED ENTRY--TOPICAL TERM
Topical term or geographic name as entry element हिन्दी
942 ## - ADDED ENTRY ELEMENTS (KOHA)
Source of classification or shelving scheme Dewey Decimal Classification
Classification part 170.3
Item type Hindi Books
Call number suffix श्रीचन्दा
Holdings
Withdrawn status Lost status Not for loan Collection code Home library Current library Date acquired Source of acquisition Cost, normal purchase price Full call number Barcode Copy number Cost, replacement price Koha item type
    Not For Loan Non-fiction D.B.Act.Division D.B.Act.Division 04/06/2024 DBAD 1000.00 170.3 श्रीचन्दा HN-100146 1 1000.00 Hindi Books

© Delhi Public Library
Hit Counter
free hit counter